00527nai a2200157Ia 4500003000900000008004100009022002200050022002300072040001600095245003200111260003400143310001400177362002500191521006900216856008400285IN-BaIIA211028c9999 xx s 000 0 eng d a1015-6305 (Print) a1750-3639 (Online) cIIA Library 0aBrain Pathologyh[eJournal] aNew JerseybJohn Wiley & Sons aBimonthly a7(1); 1997 - Present bSubscribed through National Knowledge Resource Consortium (NKRC) uhttps://onlinelibrary.wiley.com/journal/17503639yClick Here to Access eJournal